| 000 | 02107nam0a2200397 4500 | ||
|---|---|---|---|
| 001 | RU\NLR\bibl\1372835 | ||
| 005 | 20250615191000.0 | ||
| 010 |
_a978-5-292-03840-5 _9250 |
||
| 021 |
_aRU _b2009-24067 _91427 |
||
| 035 | _a(nilc)RSL-KNO-004270334 | ||
| 035 | _a(NLR Aleph) 001364958 | ||
| 090 |
_a1005027 _c1005027 |
||
| 100 | _a20090331d2008 |||y0rusy50 ca | ||
| 101 | 0 |
_arus _aeng |
|
| 102 | _aRU | ||
| 105 | _aa ||||||||| | ||
| 200 | 1 |
_aЧто такое материаловедение? _dWhat is materials science? _eучебное пособие по английскому языку для студентов факультета нано- и биомедицинских технологий и физического факультета _fС.Б. Вениг, Е.Л. Стеркина, Н.И. Иголкина, Н.В. Нестерова _gСаратовский гос. ун-т им. Н. Г. Чернышевского _zeng |
|
| 210 |
_aСаратов _cИзд-во Саратовского университета _d2008 |
||
| 215 |
_a138, [1] с. _cил. _d20 |
||
| 225 | 1 | _aМатериаловедение и технология новых материалов | |
| 300 | _aАвт. также на англ. яз.: S.B. Venig, E.L. Sterkina, N.I. Igolkina, N.V. Nesterova | ||
| 300 | _aТекст рус., англ. | ||
| 510 | 1 |
_aWhat is materials science? _zeng |
|
| 606 | 1 |
_aАнглийский язык _xУчебные издания для технических специальностей _92396263 _3RU\NLR\auth\661428685 |
|
| 686 |
_aШ143.21-944:Ж3 _2rubbk |
||
| 686 | _aШ143.21-93рус328.7 | ||
| 701 | 1 |
_aВениг _bС. Б. _gСергей Борисович _4070 |
|
| 701 | 1 |
_aСтеркина _bЕ. Л. _gЕлена Львовна _4070 |
|
| 701 | 1 |
_aИголкина _bН. И. _gНаталия Ивановна _4070 |
|
| 701 | 1 |
_aНестерова _bН. В. _gНаталия Вадимовна _4070 |
|
| 801 | 0 |
_aRU _bРГБ _c20090331 _grcr |
|
| 801 | 1 |
_aRU _bРГБ _c20090331 |
|
| 801 | 2 |
_aRU _bNLR _c20090522 _grcr |
|
| 942 | _cBOOK | ||
| 980 | _aNB | ||